00502nam a2200181 a 450000100060000000300080000600500170001400800410003103500190007204000410009104100080013208200250014010000350016524500300020026000380023030000220026860000300029082848BD-RjUL20240129152402.0240129s1951 enk 000 0 eng  a(BD-RjUL)82848 aNNLcFUdNcGUdUkdDLCdBD-RjULbeng aeng 223a822.91bMAS 19511 aMacCarthy, Desmond,d1877-195210aShaw /cDesmond MacCarthy aLondon :bMacGibbon & Kee,c1951. aix, 217p ;c23cm.14aShaw, Bernard,d1856-1950